000 01053nam a2200241Ia 4500
003 OSt
005 20220923221540.0
006 a|||||r|||| 00| 0
007 ta
008 220922b |||||||| |||| 00| 0 hin d
024 _a198,069
037 _cTextual
040 _aARTS
_cARTS
_bhin
041 _2hin
_ahin
082 _aV25:7.D, 152N8
100 _aशर्मा, रामशरण; मंगलनाथ सिंह, अनु.
_9165443
245 0 _aमध्य गंगा क्षेत्र में राज्य की संरचना
_b पुरातात्विक और नृतात्विक अध्ययन
246 _aMadhya gangā kṣhetra mean rājya kī sanrachanā: purātātvik aur nṛutātvik adhyayana
260 _aदिल्ली
_b ग्रंथ शिल्पी
_c1998
300 _a10] 101पृ.
_ccm.
942 _hV25:7.D, 152N8
_cTEXL
_2CC
999 _c349938
_d349938